000 00244nam a2200097Ia 4500
001 1252108
005 20251031150928.0
008 251031s9999 xx 000 0 und d
245 0 _cAHMET ÜMİT
_aŞ-4 OLMAYAN ÜLKE
260 _bEVEREST YAYINLARI
999 _c1252108
_d1252108